Introduction to Management science. (Record no. 6198)

MARC details
000 -LEADER
fixed length control field 00555nam a22002057a 4500
003 - CONTROL NUMBER IDENTIFIER
control field OSt
005 - DATE AND TIME OF LATEST TRANSACTION
control field 20190417143930.0
008 - FIXED-LENGTH DATA ELEMENTS--GENERAL INFORMATION
fixed length control field 190417b xxu||||| |||| 00| 0 eng d
020 ## - INTERNATIONAL STANDARD BOOK NUMBER
International Standard Book Number 0132371197
040 ## - CATALOGING SOURCE
Transcribing agency DDC
082 ## - DEWEY DECIMAL CLASSIFICATION NUMBER
Classification number 658 TAY 2007
100 ## - MAIN ENTRY--PERSONAL NAME
Personal name Taylor lll,Bernard W;
9 (RLIN) 12769
245 ## - TITLE STATEMENT
Title Introduction to Management science.
250 ## - EDITION STATEMENT
Edition statement 9ih ed
260 ## - PUBLICATION, DISTRIBUTION, ETC. (IMPRINT)
Place of publication, distribution, etc. Canada,
Name of publisher, distributor, etc. Pearson Prentice Hall.
Date of publication, distribution, etc. 2007.
300 ## - PHYSICAL DESCRIPTION
Extent xviii,741p;
Other physical details ill,
Dimensions 25cm.
504 ## - BIBLIOGRAPHY, ETC. NOTE
Bibliography, etc glossary and index are included.
650 ## - SUBJECT ADDED ENTRY--TOPICAL TERM
Topical term or geographic name as entry element Management .
9 (RLIN) 364
942 ## - ADDED ENTRY ELEMENTS (KOHA)
Source of classification or shelving scheme Dewey Decimal Classification
Koha item type Open Shelf
Holdings
Withdrawn status Lost status Source of classification or shelving scheme Damaged status Not for loan Home library Current library Date acquired Source of acquisition Inventory number Total Checkouts Full call number Barcode Date last seen Price effective from Koha item type Copy number
    Dewey Decimal Classification     MUST Main Library MUST Main Library 17/04/2019 purchase 08/29917   658 TAY 2007 2019-0010 17/04/2019 17/04/2019 Open Shelf  
    Dewey Decimal Classification     MUST Main Library MUST Main Library 02/09/2024 PURCHASE 08/30137   658 TAY 2007 2024-22301 02/09/2024 02/09/2024 Open Shelf 2024-22301